Some comments on reflexivization in Icelandic

Bibliographic Details
Published in:Topics in Scandinavian syntax, ed. by L. Hellan, K.K. Christensen, Dordrecht, 1986, P.89-102 (Studies in natural language and linguistic theory)
Main Author: Roegnvaldsson, E.
Content type: Article
Published: 1986
Source:MPIPL_cat

MARC

LEADER 00000naa a2200000 u 4500
001 PL0026788
003 PLI01000000000000000026684
005 00000000000000.0
008 ||| u
100 1 |a Roegnvaldsson, E. 
245 0 0 |a Some comments on reflexivization in Icelandic  |c E. Roegnvaldsson 
260 |c 1986 
773 0 8 |t Topics in Scandinavian syntax  |a ed. by L. Hellan, K.K. Christensen  |d Dordrecht, 1986  |g P.89-102  |k Studies in natural language and linguistic theory  |w MPIPL_cat.PL0026784  |z 90-277-2166-1  |i In: 
952 |j 1986  |h P.89-102 
996 |a Aufsatz 
997 |a book chapter